[Event "WJun"]
[Site "Yerevan ARM"]
[Date "2007.10.09"]
[Round "7"]
[White "Feller,S"]
[Black "Vovk,Y"]
[Result "1/2-1/2"]
[WhiteElo "2513"]
[BlackElo "2561"]

1.d4 Nf6 2.c4 e6 3.g3 d5 4.Bg2 Be7 5.Nf3 O-O 6.O-O dxc4 7.Qc2 a6 8.Qxc4 b5
9.Qc2 Bb7 10.Bd2 h6 11.Rc1 Bd6 12.a3 Qe7 13.Nc3 c5 14.dxc5 Bxc5 15.Nxb5 Bxf2+
16.Kxf2 Ne4+ 17.Kg1 Nxd2 18.Nxd2 axb5 19.Qc5 Qd7 20.Nf3 Na6 21.Qb6 Rfb8 22.Ne5 Qe7
23.Bxb7 Rxb7 24.Qc6 f6 25.Ng6 Qd7 26.Nf4 Kf7 27.Nxe6 Re8 28.Nf4 g5 29.Nd5 Re6
30.Qc2 Kg7 31.e4 Rb8 32.b4 Qa7+ 33.Kh1 Qd4 34.Re1 Rbe8 35.Rad1 Rxe4 36.Rf1 Qc4
37.Qxc4 Rxc4 38.Nxf6 Re6 39.Rd7+ Kg6 40.Nd5 Nb8 41.Rb7 Nc6 42.Rxb5 Nd4 43.Rc5 Rxc5
44.bxc5 Re5 45.Nc3 Rxc5 46.Rd1 Nc2 47.Rd6+ Kf5 48.Rd5+ Rxd5 49.Nxd5 Nxa3
50.Kg2 Nc4 51.Ne7+ Ke6 52.Nc6 Kd6 53.Nd4 Ke5 54.Ne2 Ke4 55.Nc3+ Kd3 56.Nd5 Ne3+
57.Nxe3 Kxe3 58.Kg1 h5 59.Kg2 Ke2 60.Kg1 Kf3 61.Kf1 h4 62.gxh4 gxh4  1/2-1/2

[Event "3rd Arctic Cup"]
[Site "Salekhard RUS"]
[Date "2007.10.11"]
[Round "4"]
[White "Gusarov,G"]
[Black "Barbarosh,E"]
[Result "1-0"]
[WhiteElo "2159"]
[BlackElo "1952"]

1.d4 d5 2.Nf3 e6 3.c4 Nf6 4.g3 Be7 5.Bg2 O-O 6.O-O Re8 7.Qc2 b6 8.cxd5 exd5
9.Nc3 Bb7 10.Bf4 c6 11.Ne5 Nbd7 12.e4 Nxe5 13.dxe5 Nh5 14.exd5 Nxf4 15.dxc6 Nxg2
16.cxb7 Rb8 17.Kxg2 Rxb7 18.Rad1 Qb8 19.Qe4 Bf8 20.f4 Rbe7 21.Rf2 f6 22.Nd5 Re6
23.Qc4 b5 24.Qb3 Qb7 25.Qf3 Qf7 26.exf6 gxf6 27.Rc2 Bd6 28.Rdd2 Kh8 29.Qc3 Qh5
30.Nxf6 Re2+ 31.Rxe2 Rxe2+ 32.Rxe2 Qxe2+ 33.Kh3 Qe6+ 34.Ng4+ Kg8 35.Qf6 Qd7
36.f5 Bf8 37.Qg5+ Kh8 38.Ne5 Qg7 39.Qxg7+ Bxg7 40.Nd3 Kg8 41.Kg4 Kf7 42.Kf4  1-0

[Event "WJun"]
[Site "Yerevan ARM"]
[Date "2007.10.11"]
[Round "8"]
[White "Benidze,D"]
[Black "Mijovic,S"]
[Result "1-0"]
[WhiteElo "2365"]
[BlackElo "2228"]

1.d4 d5 2.c4 e6 3.Nf3 Nf6 4.g3 Be7 5.Bg2 O-O 6.O-O Nbd7 7.Qc2 c6 8.Rd1 b6
9.b3 Bb7 10.Nc3 Rc8 11.e4 c5 12.exd5 exd5 13.Bf4 Re8 14.dxc5 dxc4 15.b4 bxc5
16.b5 Qa5 17.a4 Bf8 18.Rxd7 Bxf3 19.Rxa7 Qxa7 20.Bxf3 Rcd8 21.a5 Bd6 22.b6 Qa6
23.Bxd6 Rxd6 24.Qa4 Rde6 25.Kg2 g5 26.h3 h5 27.Nd5 Nxd5 28.Bxd5 R6e7 29.Qxc4 Qxc4
30.Bxc4 Rb8 31.a6 Rxb6 32.a7 Rxa7 33.Rxa7 Rf6 34.Rc7 Rf5 35.Be2 h4 36.g4 Rf4
37.Rxc5 f6 38.Rc8+ Kf7 39.Bd3 Rd4 40.Rc7+  1-0

[Event "WJun"]
[Site "Yerevan ARM"]
[Date "2007.10.12"]
[Round "9"]
[White "Romanov,E"]
[Black "Sanikidze,T"]
[Result "1/2-1/2"]
[WhiteElo "2515"]
[BlackElo "2474"]

1.Nf3 Nf6 2.c4 e6 3.d4 d5 4.g3 Be7 5.Bg2 O-O 6.O-O dxc4 7.Qc2 a6 8.Qxc4 b5
9.Qc2 Bb7 10.Bd2 Nbd7 11.Ba5 Ra7 12.Nbd2 Qc8 13.b4 Qa8 14.Ne1 e5 15.dxe5 Nxe5
16.Rc1 Nd5 17.Qb2 Bf6 18.Qb3 Nb6 19.Rxc7 Nbc4 20.Nxc4 Nxc4 21.Rxb7 Rxb7 22.Nd3 Qc8
23.Bxb7 Qxb7 24.Rd1 Rc8 25.Nf4 Be7 26.Nd5 Bf8 27.Qf3 Nxa5 28.bxa5 Qc6 29.Kg2 Qe6
30.Rd2 h6 31.Nf4 Qc6 32.Nd5 Qe6 33.h4 Qg6 34.Nb6 Re8 35.Rd7 Qe6 36.Ra7 Bc5
37.Ra8 Rxa8 38.Qxa8+ Kh7 39.Qd5 Bb4 40.Qd3+ g6 41.Nd5 Bxa5 42.h5 Bd8 43.hxg6+ fxg6
44.e4 Bf6 45.f4 Bg7 46.f5 Qe5 47.Qf3 gxf5 48.exf5 Bf6 49.Kh3 Qa1 50.Nf4 Qe5
51.Qh5 Bg7 52.Qg6+ Kh8 53.Nh5 Qa1 54.Qe8+ Kh7 55.Qe4 Qf1+ 56.Kg4 Qd1+ 57.Qf3 Qxf3+
58.Kxf3 a5 59.Nxg7 Kxg7 60.g4 b4 61.Ke3 a4 62.Kd3 Kf6 63.Kc4 b3 64.axb3 axb3
65.Kxb3 h5 66.gxh5  1/2-1/2

[Event "TCh-HUN 2007-8"]
[Site "Budapest HUN"]
[Date "2007.10.14"]
[Round "1"]
[White "Kerek,C"]
[Black "Prohaszka,P2"]
[Result "0-1"]
[WhiteElo "2289"]
[BlackElo "2470"]

1.d4 Nf6 2.c4 e6 3.Nf3 d5 4.g3 Be7 5.Bg2 O-O 6.O-O dxc4 7.Qc2 a6 8.Qxc4 b5
9.Qc2 Bb7 10.Bf4 Nc6 11.Rd1 Nb4 12.Qc1 Rc8 13.a3 Nbd5 14.b4 a5 15.bxa5 c5
16.Bd2 Ne4 17.Be1 cxd4 18.Qb2 Nec3 19.Rxd4 Nxb1 20.Rxb1 Bf6 21.Rbd1 Bxd4
22.Nxd4 Qc7 23.Nxb5 Qb8 24.e4 Nf6 25.Bc3 Rfd8 26.Re1 Ne8 27.h4 Ba6 28.a4 Rd3
29.Be5 Qb7 30.Bf1 Rd7 31.h5 h6 32.Qe2 Rc5 33.Ba1 Nd6 34.Qe3 Rxh5 35.Be2 Rg5
36.f4 Rg6 37.Nxd6 Rxd6 38.Bb5 Rd8  0-1

[Event "WJun"]
[Site "Yerevan ARM"]
[Date "2007.10.14"]
[Round "11"]
[White "Feller,S"]
[Black "Pileckis,E"]
[Result "1/2-1/2"]
[WhiteElo "2513"]
[BlackElo "2349"]

1.d4 Nf6 2.c4 e6 3.g3 d5 4.Bg2 Be7 5.Nf3 O-O 6.O-O dxc4 7.Qc2 a6 8.Qxc4 b5
9.Qc2 Bb7 10.Bd2 Ra7 11.a3 Nbd7 12.Ba5 Qa8 13.Qxc7 e5 14.Qc2 exd4 15.Nbd2 Bd8
16.Nb3 Ne5 17.Bxd8 d3 18.exd3 Bxf3 19.Bxf6 gxf6 20.Bh3 Rd8 21.Bf5 Re7 22.Nd2 Be2
23.Rfe1 Bxd3 24.Bxd3 Rxd3 25.Rxe5 Rxd2 26.Qxd2 Rxe5 27.Re1 Rxe1+ 28.Qxe1 Qd5
29.b4 Qb3 30.Qe3 Qb2 31.h4 Kg7 32.Qf3 h6 33.Kg2 Qa1 34.Qe3 Qb2 35.Kf3 Qa1
36.Kf4 Qb2 37.g4 Qa1  1/2-1/2

[Event "IV Open"]
[Site "Calvia ESP"]
[Date "2007.10.19"]
[Round "5"]
[White "Romanishin,O"]
[Black "Grant,J"]
[Result "1-0"]
[WhiteElo "2547"]
[BlackElo "2261"]

1.d4 Nf6 2.Nf3 e6 3.g3 d5 4.Bg2 Be7 5.c4 O-O 6.O-O dxc4 7.Qc2 a6 8.a4 Bd7
9.Qxc4 Bc6 10.Bg5 a5 11.Nc3 Na6 12.Bxf6 Bxf6 13.e4 Nb4 14.Rfd1 g6 15.Rac1 Bg7
16.d5 exd5 17.exd5 Bd7 18.Nd4 Rc8 19.Ne6 Qf6 20.Nxf8 Bxf8 21.b3 Bf5 22.g4 Bd7
23.Ne4 Qe5 24.g5 Be7 25.f4 Qb2 26.Rd2 Qa3 27.Nf6+ Bxf6 28.gxf6 b5 29.axb5 Bxb5
30.Qc5 Qxb3 31.Qc3 Qxc3 32.Rxc3 Bd7 33.Re2 Na6 34.Re7 Rd8 35.d6 c5 36.Bd5 Be8
37.Rce3 Ba4 38.Rxf7 Rxd6 39.Rg7+ Kf8 40.Rg8+  1-0

[Event "Rapid"]
[Site "Beer Sheva ISR"]
[Date "2007.10.20"]
[Round "4"]
[White "Avrukh,B"]
[Black "Greenfeld,A"]
[Result "1-0"]
[WhiteElo "2641"]
[BlackElo "2559"]

1.d4 Nf6 2.c4 e6 3.g3 d5 4.Bg2 Be7 5.Nf3 O-O 6.O-O dxc4 7.Qc2 a6 8.Qxc4 b5
9.Qc2 Bb7 10.Bd2 Ra7 11.Rc1 Be4 12.Qb3 Nc6 13.e3 Qa8 14.Qd1 b4 15.Qf1 Bd6
16.Be1 Rb8 17.Nbd2 Bd5 18.Ng5 h6 19.Nh3 Ne7 20.f3 Bc6 21.e4 e5 22.Bf2 Bb5
23.Qe1 Nd7 24.f4 f6 25.Nc4 Bxc4 26.Rxc4 Rab7 27.Be3 Rf8 28.Nf2 Qe8  1-0

[Event "Bundesliga 2007-8"]
[Site "Hamburg GER"]
[Date "2007.10.20"]
[Round "1"]
[White "Berkes,F"]
[Black "Efimenko,Z"]
[Result "1/2-1/2"]
[WhiteElo "2606"]
[BlackElo "2624"]

1.d4 Nf6 2.c4 e6 3.g3 d5 4.Bg2 Be7 5.Nf3 O-O 6.O-O dxc4 7.Qc2 a6 8.Qxc4 b5
9.Qc2 Bb7 10.Bd2 Ra7 11.Rc1 Be4 12.Qb3 Nc6 13.e3 Qa8 14.Qd1 b4 15.Qf1 Bd5
16.Be1 Rc8 17.Nfd2 Na5 18.a3 bxa3 19.Nxa3 Bxg2 20.Qxg2 c5 21.dxc5 Rxc5 22.Rxc5 Bxc5
23.Nac4 Nxc4 24.Qxa8+ Rxa8 25.Nxc4 Nd5 26.Kf1 f5 27.Ke2 Be7 28.Ne5 g5 29.Nd3 g4
30.b4 Nc7 31.Rc1 Nd5 32.Rc6 Kf7 33.Bd2 h5 34.Rc4 Ra7 35.e4 fxe4 36.Rxe4 Rc7
37.Re5 Rc4 38.Rxh5 Re4+ 39.Kf1 Nxb4 40.Ne5+ Kg8 41.Ng6 Bd6 42.Ra5 Kf7 43.Nf4 Bc7
44.Rh5 Bxf4 45.Bxf4 Nd3 46.Be3 Ra4 47.Ke2 Nb4 48.Bd2 Nd5 49.Rh4 Nf6 50.h3  1/2-1/2

[Event "Bundesliga 2007-8"]
[Site "Remagen GER"]
[Date "2007.10.20"]
[Round "1"]
[White "Goloshchapov,A"]
[Black "Votava,J"]
[Result "1-0"]
[WhiteElo "2563"]
[BlackElo "2546"]

1.d4 Nf6 2.c4 e6 3.Nf3 d5 4.g3 Be7 5.Bg2 O-O 6.O-O dxc4 7.Qc2 a6 8.Qxc4 b5
9.Qc2 Bb7 10.Bg5 Nbd7 11.Nbd2 Rc8 12.Bxf6 Nxf6 13.Nb3 Be4 14.Qc3 Nd5 15.Qa5 c5
16.Qxa6 c4 17.Nbd2 Bxf3 18.Bxf3 Nb4 19.Qxb5 Nc2 20.e3 Nxa1 21.Rxa1 c3 22.bxc3 Rxc3
23.a4 Qc7 24.a5 Rb8 25.Qf1 Ra3 26.a6 Qa5 27.Rxa3 Bxa3 28.Qd3 Bd6 29.Bb7 Bc7
30.Ne4 Bb6 31.Nd6 Qb4 32.Nc8 g6 33.Kg2 Rxc8 34.Bxc8 Kg7 35.Qe4 Qd6 36.Qb7 g5
37.Kg1 Qb4 38.Bxe6 Qe1+ 39.Kg2  1-0

[Event "Bundesliga 2007-8"]
[Site "Hamburg GER"]
[Date "2007.10.21"]
[Round "2"]
[White "Nyback,T"]
[Black "Rozentalis,E"]
[Result "1-0"]
[WhiteElo "2565"]
[BlackElo "2581"]

1.d4 Nf6 2.c4 e6 3.g3 d5 4.Bg2 Be7 5.Nf3 O-O 6.O-O dxc4 7.Qc2 a6 8.Qxc4 b5
9.Qc2 Bb7 10.Bd2 Be4 11.Qc1 c6 12.Rd1 Bxf3 13.Bxf3 Qxd4 14.a4 bxa4 15.Na3 Nbd7
16.Nc4 Ne5 17.Nxe5 Qxe5 18.Bf4 Qc5 19.Qxc5 Bxc5 20.Bxc6 Rad8 21.Rxd8 Rxd8
22.Rxa4 Nd5 23.Bxd5 Rxd5 24.Rxa6 h6 25.Kg2 e5 26.e4 Rd1 27.Ra5 Bxf2 28.Bxe5 Rd2
29.Bc3 Rc2 30.Kf3 Bb6 31.Rb5 Rf2+ 32.Kg4 Be3 33.h4 Bc1 34.Rb8+ Kh7 35.e5 Bd2
36.Bd4 Re2 37.Kf3 Re1 38.h5 Bg5 39.b4 Rb1 40.b5 Rb3+ 41.Ke4 Rxg3 42.b6 Rb3
43.Rf8 f5+ 44.Rxf5 Kg8 45.Kd5 g6 46.hxg6 Kg7 47.Rf1  1-0

[Event "Bundesliga 2007-8"]
[Site "Hamburg GER"]
[Date "2007.10.21"]
[Round "2"]
[White "Pelletier,Y"]
[Black "Bromberger,S"]
[Result "1/2-1/2"]
[WhiteElo "2609"]
[BlackElo "2491"]

1.Nf3 Nf6 2.c4 e6 3.g3 d5 4.d4 Be7 5.Bg2 O-O 6.O-O dxc4 7.Qc2 a6 8.a4 Bd7
9.Qxc4 Bc6 10.Bf4 Nbd7 11.Nc3 Rc8 12.Qd3 Bb4 13.Rfe1 h6 14.Qc2 Bxf3 15.Bxf3 c6
16.Red1 Qa5 17.Qb3 Qb6 18.Na2 Be7 19.Rd3 Nd5 20.Bd2 Qa7 21.Rc1 N5f6 22.Bb4 Bxb4
23.Qxb4 e5 24.Nc3 Rfe8 25.Ne4 a5 26.Qc4 Nxe4 27.Bxe4 exd4 28.Rxd4 Nf6 29.Bf3 Rcd8
30.Rcd1  1/2-1/2

[Event "TCh-ROU Superliga"]
[Site "Predeal ROU"]
[Date "2007.10.21"]
[Round "9"]
[White "Kruppa,Y"]
[Black "Nisipeanu,LD"]
[Result "1/2-1/2"]
[WhiteElo "2533"]
[BlackElo "2668"]

1.d4 Nf6 2.c4 e6 3.g3 d5 4.Bg2 Be7 5.Nf3 O-O 6.O-O dxc4 7.Qc2 a6 8.Qxc4 b5
9.Qc2 Bb7 10.Bg5 Nbd7 11.Bxf6 Nxf6 12.Nbd2  1/2-1/2

[Event "Bundesliga 2007-8"]
[Site "Remagen GER"]
[Date "2007.10.21"]
[Round "2"]
[White "Votava,J"]
[Black "Lutz,Ch"]
[Result "1/2-1/2"]
[WhiteElo "2546"]
[BlackElo "2588"]

1.d4 Nf6 2.c4 e6 3.g3 d5 4.Nf3 Be7 5.Bg2 O-O 6.O-O dxc4 7.Qc2 a6 8.Qxc4 b5
9.Qc2 Bb7 10.Bg5 Nbd7 11.Nbd2 Rc8 12.Bxf6 Nxf6 13.Nb3 Be4 14.Qc3 Nd5 15.Qa5 c5
16.Qxa6 Bxf3 17.Bxf3 c4 18.Nd2 Qd7 19.a4 c3 20.bxc3 Nxc3 21.axb5 Qxd4 22.Nb3 Qc4
23.Na5 Qxb5 24.Qxb5  1/2-1/2

[Event "ch-Euro Blitz"]
[Site "Ajaccio FRA"]
[Date "2007.10.25"]
[Round "18"]
[White "Mikhalevski,V"]
[Black "Karpov,Ana"]
[Result "0-1"]
[WhiteElo "2584"]
[BlackElo "2670"]

1.d4 Nf6 2.c4 e6 3.g3 d5 4.Bg2 Be7 5.Nf3 O-O 6.O-O dxc4 7.Qc2 a6 8.Qxc4 b5
9.Qc2 Bb7 10.Bd2 Ra7 11.Rc1 Ba8 12.a3 a5 13.Nc3 Bc6 14.Qd3 Rb7 15.Na2 b4
16.axb4 axb4 17.b3 Bb5 18.Qe3 Nd5 19.Qe4 Nd7 20.Ne5 f5 21.Qc2 Nxe5 22.dxe5 c5
23.e4 fxe4 24.Bxe4 h6 25.Rd1 Rd7 26.Bg2 Qe8 27.Nc1 Qh5 28.Re1 Qf7 29.f4 g5
30.f5 Rc8 31.Bh3 Rc6 32.Ra8+ Rd8 33.fxe6 Rxe6 34.Rxd8+ Bxd8 35.Bxe6 Qxe6
36.Qxc5 Bb6 37.Be3 Bxc5 38.Bxc5 Kf7 39.Bd6 Ke8 40.Na2 Qg4  0-1

[Event "ch-Euro Blitz"]
[Site "Ajaccio FRA"]
[Date "2007.10.26"]
[Round "30"]
[White "Mikhalevski,V"]
[Black "Bacrot,E"]
[Result "1-0"]
[WhiteElo "2584"]
[BlackElo "2695"]

1.d4 d5 2.c4 e6 3.Nf3 Nf6 4.g3 Be7 5.Bg2 O-O 6.O-O dxc4 7.Qc2 a6 8.a4 Bd7
9.Qxc4 Bc6 10.Bf4 a5 11.Nc3 Na6 12.Rac1 Bd6 13.Bg5 Be7 14.Rfd1 Nb4 15.Bxf6 Bxf6
16.e4 b6 17.d5 exd5 18.exd5 Bd7 19.Nd4 Re8 20.Ne6 fxe6 21.dxe6 Bxe6 22.Rxd8 Bxc4
23.Rxa8 Rxa8 24.Bxa8 Bd4 25.Be4 c5 26.Rd1 Kf7 27.Kg2 h6 28.f4 Ke6 29.Kf3 Bb3
30.Rd2 Na6 31.Nb5 Bf6 32.Rd6+ Ke7 33.Rxb6 Bd1+ 34.Ke3 Nb4 35.Rb7+ Kd8 36.Nc3 Bd4+
37.Kd2 Bg4 38.Ra7 h5 39.Rxa5 Bg1 40.Ra8+ Kc7 41.Ra7+ Kb6 42.Rb7+ Ka6 43.Rxg7 Bxh2
44.Ne2 c4 45.f5 Ka5 46.f6  1-0

[Event "22nd GP Open A"]
[Site "Le Touquet FRA"]
[Date "2007.10.28"]
[Round "2"]
[White "Feller,S"]
[Black "Struk,J"]
[Result "1-0"]
[WhiteElo "2513"]
[BlackElo "2229"]

1.d4 d5 2.c4 e6 3.Nf3 Nf6 4.g3 Be7 5.Bg2 O-O 6.O-O dxc4 7.Qc2 a6 8.Qxc4 b5
9.Qc2 Bb7 10.Bd2 Be4 11.Qc1 Qc8 12.Bg5 Nbd7 13.Qf4 Bd6 14.Qh4 Ra7 15.Nbd2 Bxf3
16.Nxf3 h6 17.Bxf6 Nxf6 18.Rac1 c6 19.Ne5 Rc7 20.Rxc6 Bxe5 21.dxe5 Rxc6 22.Bxc6 Nd7
23.Qe4 Nc5 24.Qf3 Nd7 25.Rc1 Nxe5 26.Qc3 Nxc6 27.Qxc6 Qd8 28.Kg2 Qa5 29.a3 Rd8
30.Rc3 Rb8 31.Qd7 b4 32.Rc8+ Rxc8 33.Qxc8+ Kh7 34.Qc2+ g6 35.Qd2 Qe5 36.axb4 Qe4+
37.f3 Qc4 38.Kf2 h5 39.Qf4 Qa2 40.Qxf7+ Kh6 41.Qf6 Kh7 42.h4 Qb3 43.Qe7+ Kh6
44.Qe8 Kg7 45.Qd7+ Kh6 46.Qe8 Qxb2 47.Qxe6 Qxb4 48.Qxa6 Qd4+ 49.Kg2 Kg7 50.Qd3 Qb2
51.Qd7+ Kg8 52.Qe8+ Kg7 53.Qe7+ Kg8 54.f4 Qb1 55.Qe6+ Kg7 56.f5 gxf5 57.Qe7+ Kg8
58.Qg5+ Kf8 59.Qxh5 Ke7 60.Qg5+ Ke6 61.Qe3+ Kf6 62.Qf3 Kg6 63.g4 fxg4 64.Qxg4+ Kh6
65.Qg5+ Kh7 66.h5 Qb7+ 67.Kf2 Qa7+ 68.e3 Qf7+ 69.Kg3 Qc7+ 70.Kg4 Qc4+ 71.Qf4 Qe2+
72.Kg5 Qg2+ 73.Qg4 Qd2 74.Qe4+ Kg8 75.Qe8+ Kh7 76.Qe7+  1-0

[Event "2nd MAIG Team Standard"]
[Site "Macau CHN"]
[Date "2007.10.30"]
[Round "6"]
[White "Ghaem Maghami,E"]
[Black "So,W"]
[Result "1-0"]
[WhiteElo "2591"]
[BlackElo "2531"]

1.d4 Nf6 2.c4 e6 3.g3 d5 4.Bg2 Be7 5.Nf3 O-O 6.O-O dxc4 7.Qc2 a6 8.a4 Bd7
9.Qxc4 Bc6 10.Bg5 Bd5 11.Qd3 Be4 12.Qe3 Bxf3 13.Qxf3 c6 14.Qb3 Qxd4 15.Qxb7 Ra7
16.Qb3 Nd5 17.Rd1 Qe5 18.Bxe7 Nxe7 19.Qc3 Qxc3 20.Nxc3 Rb7 21.Rd2 Nd7 22.b4 Nd5
23.b5 axb5 24.axb5 cxb5 25.Nxd5 exd5 26.Bxd5 Rc7 27.Rb2 Rc5 28.Be4 Ne5 29.f4 Nc4
30.Rb4 g5 31.Ra7 gxf4 32.gxf4 Re8 33.Bd3 Re6 34.Rb7 Rb6 35.Rxc4 bxc4 36.Bxh7+ Kxh7
37.Rxb6 c3 38.Rb1 c2 39.Rc1 Kg6 40.Kf2 Rc8 41.Kf3 Rh8 42.Rxc2 Rxh2 43.Rc6+ Kg7
44.e4 Rh1 45.e5 Ra1 46.Kg4 Ra4 47.Kg5 Ra1 48.Rc7 Rg1+ 49.Kf5 Kg8 50.Kf6 Rg6+
51.Ke7 Ra6 52.f5 Ra8 53.Kf6 Ra6+ 54.e6 fxe6 55.Rc8+ Kh7 56.fxe6  1-0

[Event "ETCC w"]
[Site "Crete GRE"]
[Date "2007.10.31"]
[Round "4"]
[White "Jiretorn,E"]
[Black "Puuska,H"]
[Result "1-0"]
[WhiteElo "2121"]
[BlackElo "2016"]

1.d4 Nf6 2.c4 e6 3.Nf3 d5 4.g3 Be7 5.Bg2 O-O 6.O-O c6 7.Qc2 b6 8.Nbd2 Bb7
9.e4 a5 10.Rd1 Na6 11.a3 Rc8 12.b3 Rc7 13.Bb2 Qa8 14.Rac1 c5 15.exd5 exd5
16.dxc5 Nxc5 17.Ng5 Ncd7 18.Qf5 h6 19.Nh3 dxc4 20.Bxb7 Qxb7 21.Nxc4 Rc5 22.Qf4 Rh5
23.Ne5 Nxe5 24.Bxe5 Rc8 25.Bxf6 Bxf6 26.Qg4 Rxc1 27.Rxc1 Rc5 28.Re1 Qc6 29.Qf4 Qc8
30.Kg2 Rc3 31.Qa4 Qc6+ 32.Qxc6 Rxc6 33.Re3 Rc3 34.Rxc3 Bxc3 35.Kf3 Kf8 36.Nf4 b5
37.a4 bxa4 38.bxa4 Ke8 39.Ke4 Kd7 40.Kd5 g5 41.Ne2 Bb4 42.g4 Ke7 43.h3 Kf6
44.Nd4 Kg6 45.Nc6 Be1 46.Ne5+ Kf6 47.f3 Bc3 48.Nc6 Kg6 49.Kc4 Be1 50.Kb5 f5
51.Ne7+ Kf6 52.Nxf5 h5 53.Ne3 h4 54.Nc4 Ke6 55.Nxa5 Ke5 56.Nc6+ Kf4 57.Nd4 Kg3
58.Ne6 Kxh3 59.Nxg5+ Kg3 60.a5 Kf4 61.a6 Bf2 62.Nh3+ Kg3 63.Nxf2 Kxf2 64.a7 h3
65.a8=Q h2 66.f4  1-0

[Event "6th North Am FIDE Inv"]
[Site "Chicago USA"]
[Date "2007.11.03"]
[Round "8"]
[White "Haessel,D"]
[Black "Mokriak,L"]
[Result "1-0"]
[WhiteElo "2152"]
[BlackElo "2174"]

1.d4 d5 2.c4 e6 3.Nf3 Nf6 4.g3 Be7 5.Bg2 c6 6.O-O Ne4 7.b3 Nd7 8.Ba3 f5 9.Bxe7 Qxe7
10.Qc1 O-O 11.Nbd2 e5 12.cxd5 cxd5 13.dxe5 Nxe5 14.Qb2 Ng4 15.Qd4 Be6 16.Rac1 Rae8
17.Rc2 f4 18.Nxe4 dxe4 19.Qxe4 fxg3 20.hxg3 Nf6 21.Qe5 Ng4 22.Qg5 Qd6 23.Qc5 Qb8
24.Qc7 Qxc7 25.Rxc7 Bd5 26.Nd4 Bxg2 27.Kxg2 Re4 28.Rd7 Rf6 29.Kg1 Re5 30.Rxb7 Rd6
31.Rc1 h5 32.e3 h4 33.Rcc7 Rg6 34.Nf3 hxg3 35.Nxe5 gxf2+ 36.Kf1 Nxe5 37.Kxf2  1-0

[Event "VIII Int Rapid"]
[Site "El Sauzal ESP"]
[Date "2007.11.03"]
[Round "5"]
[White "Granero Roca,A"]
[Black "Epishin,V"]
[Result "1/2-1/2"]
[WhiteElo "2354"]
[BlackElo "2578"]

1.d4 d5 2.c4 e6 3.Nf3 Nf6 4.g3 Be7 5.Bg2 O-O 6.Nbd2 b6 7.O-O Bb7 8.b3 Nbd7
9.Bb2 Rc8 10.Ne5 c5 11.cxd5 exd5 12.Ndf3 Nxe5 13.Nxe5 Re8 14.Rc1 Bd6 15.e3 Qe7
16.Re1 Ne4 17.Qg4 cxd4 18.exd4 Bb4 19.Red1 Nc3 20.Bxc3 Rxc3 21.Rxc3 Bxc3
22.Rc1 Bb2 23.Rd1 Bxd4 24.Qxd4 Qxe5 25.Bxd5 Bxd5 26.Qxd5  1/2-1/2

[Event "SPICE Cup"]
[Site "Lubbock USA"]
[Date "2007.11.13"]
[Round "6"]
[White "Gulko,B"]
[Black "Schneider,Dm"]
[Result "1-0"]
[WhiteElo "2571"]
[BlackElo "2502"]

1.Nf3 d5 2.c4 e6 3.g3 Nf6 4.Bg2 Be7 5.d4 c5 6.dxc5 Bxc5 7.O-O O-O 8.a3 a5
9.Nc3 Nc6 10.cxd5 exd5 11.Bg5 d4 12.Bxf6 Qxf6 13.Nd5 Qd8 14.Ne1 Re8 15.Nd3 Bf8
16.Rc1 Bf5 17.Re1 Be4 18.Bxe4 Rxe4 19.Qb3 Rb8 20.Rc2 Qd7 21.N5f4 Rbe8 22.Qd5 Qxd5
23.Nxd5 Rd8 24.Nb6 g5 25.Na4 Rd5 26.Kf1 g4 27.Nac5 Bxc5 28.Rxc5 Rxc5 29.Nxc5 Re7
30.Rc1 Ne5 31.Nd3 Nc6 32.Rc5 h6 33.b4 axb4 34.axb4 Kg7 35.Rd5 Kf6 36.b5 Ne5
37.Rxd4 Nxd3 38.exd3 h5 39.Rd6+ Re6 40.Rd7 Re7 41.Rxe7 Kxe7 42.d4 Kd6 43.Ke2 Kd5
44.Kd3 b6 45.Ke3 Kc4 46.Ke4 f6 47.Kf5 Kxd4 48.Kxf6 Kc5 49.Kg5 Kxb5 50.Kxh5 Kc4
51.Kxg4 b5 52.h4 b4 53.h5 b3 54.h6 b2 55.h7 b1=Q 56.h8=Q Qe4+ 57.f4 Qg6+
58.Kh4 Kd3 59.g4 Ke4 60.Kg3 Qb6 61.Qe5+ Kd3 62.f5 Qg1+ 63.Kh4  1-0

[Event "Open"]
[Site "Liberec CZE"]
[Date "2007.11.14"]
[Round "6"]
[White "Natsidis,C"]
[Black "Duda,A"]
[Result "1-0"]
[WhiteElo "2256"]
[BlackElo "2052"]

1.d4 d5 2.c4 e6 3.Nf3 Nf6 4.g3 Be7 5.Bg2 O-O 6.Nbd2 dxc4 7.Nxc4 a6 8.O-O c5
9.dxc5 Bxc5 10.Bg5 Nbd7 11.Rc1 b5 12.Nce5 Qb6 13.Nxd7 Nxd7 14.Ne5 Ra7 15.Nc6 Rc7
16.b4 Rxc6 17.Bxc6 Qxc6 18.bxc5 Bb7 19.f3 Ne5 20.Qd6 Nc4 21.Qxc6 Bxc6 22.Be7 Re8
23.Bd6 Ne3 24.Rfe1 e5 25.Kf2 Nd5 26.e4 Nb4 27.Re3 Nxa2 28.Ra1 Nb4 29.Rb3 Nc2
30.Rxa6 Nd4 31.Rd3 Nc2 32.Rd2 Nb4 33.Rb6 f5 34.Ke3 Bd7 35.Bxe5 Bc6 36.Rb8 Rxb8
37.Bxb8 fxe4 38.fxe4 Na6 39.Bd6 b4 40.Ra2 Bb5 41.Ra5 Bc4 42.Kd4  1-0

[Event "WYb18"]
[Site "Kemer TUR"]
[Date "2007.11.18"]
[Round "1"]
[White "Caspi,I"]
[Black "Nishendra,H"]
[Result "1-0"]
[WhiteElo "2377"]
[BlackElo "1980"]

1.d4 d5 2.Nf3 Nf6 3.c4 e6 4.g3 Be7 5.Bg2 O-O 6.O-O Nbd7 7.Qc2 b6 8.cxd5 exd5
9.Rd1 Bb7 10.Nc3 a6 11.Bf4 c5 12.dxc5 bxc5 13.Ne5 Nb6 14.a4 a5 15.Qb3 c4
16.Nxc4 dxc4 17.Qb5 Qc8 18.Qxb6 Bxg2 19.Kxg2 Re8 20.Rac1 Bb4 21.Qb5 Bxc3
22.Rxc3 Rxe2 23.Rxc4 Qe8 24.Rd2 Re1 25.Qxe8+ Rexe8 26.Kf3 h6 27.Rd6 Rab8
28.Rd2 Rb3+ 29.Kg2 Rb7 30.Bc7 Rc8 31.Rd8+ Rxd8 32.Bxd8 Nd5 33.Rc5 Nb4 34.Bxa5 Nd3
35.Rb5 Re7 36.Bc3 Ra7 37.a5 Kh7 38.Kf3 Re7 39.a6 g5 40.Rb7 Re6 41.a7  1-0

[Event "WYg18"]
[Site "Kemer TUR"]
[Date "2007.11.20"]
[Round "3"]
[White "Minina,A"]
[Black "Ignacz,R"]
[Result "1/2-1/2"]
[WhiteElo "2084"]
[BlackElo "2079"]

1.d4 Nf6 2.c4 e6 3.g3 d5 4.Nf3 Be7 5.Bg2 O-O 6.cxd5 exd5 7.O-O c6 8.Nc3 h6
9.Qc2 Be6 10.a3 Qc8 11.Re1 Bf5 12.Qb3 Nbd7 13.Bd2 Nb6 14.Na4 Nc4 15.Bb4 Bxb4
16.Qxb4 Qc7 17.b3 Nd6 18.Rec1 Nde4 19.Nc5 Rab8 20.Ne5 Nd6 21.e3 Qe7 22.Qe1 Rfe8
23.b4 Nfe4 24.Nxe4 Nxe4 25.a4 f6 26.Nf3 Bd7  1/2-1/2

[Event "WYg18"]
[Site "Kemer TUR"]
[Date "2007.11.20"]
[Round "3"]
[White "Darbinyan,N"]
[Black "Fan Yun"]
[Result "1-0"]
[WhiteElo "2089"]
[BlackElo "1862"]

1.Nf3 d5 2.d4 e6 3.c4 Be7 4.g3 Nf6 5.Bg2 O-O 6.O-O c6 7.Qc2 dxc4 8.Qxc4 b5
9.Qc2 Qb6 10.Ne5 Bb7 11.Rd1 Rc8 12.Nc3 Na6 13.Bg5 Rd8 14.e3 h6 15.Bxf6 Bxf6
16.Nd3 Rac8 17.Ne4 Be7 18.Ndc5 Nxc5 19.Nxc5 b4 20.Qc4 Ba8 21.Rac1 a5 22.Rc2 e5
23.Na4 Qa7 24.Rcd2 exd4 25.Rxd4 Rxd4 26.Rxd4 Bf6 27.Rd2 Qc7 28.Bf3 Rd8 29.Rc2 Rc8
30.Qc5 Be7 31.Qb6 Bd8 32.Qxc7 Rxc7 33.Rc5 Rc8 34.Bg4 Rb8 35.Bd7  1-0

[Event "20th Belgrade Trophy"]
[Site "Belgrade SRB"]
[Date "2007.11.22"]
[Round "1"]
[White "Vasovski,N"]
[Black "Ljubisa,M"]
[Result "1-0"]
[WhiteElo "2411"]
[BlackElo "2072"]

1.d4 d5 2.c4 e6 3.Nf3 Be7 4.g3 Nf6 5.Bg2 O-O 6.O-O b6 7.Nc3 Bb7 8.Ne5 Nbd7
9.Qa4 Nxe5 10.dxe5 Nd7 11.cxd5 exd5 12.Nxd5 Nc5 13.Qc4 c6 14.Nxe7+ Qxe7 15.f4 Rfd8
16.Be3 Ne6 17.f5 Nf8 18.Bf4 c5 19.Bxb7 Qxb7 20.Rad1 Qc6 21.Rd6 Rxd6 22.exd6 Re8
23.Rd1 Nd7 24.e3 b5 25.Qd5 Qb6 26.Bg5 c4 27.Kf2 Qa6 28.Be7 Qxa2 29.Rd2 Qa6
30.e4 Qb6+ 31.Rd4 Rc8 32.e5 c3 33.bxc3 Rxc3 34.e6 fxe6 35.fxe6 Rc2+ 36.Ke3 Nf8
37.Bd8 Qc6 38.e7+ Qxd5 39.Rxd5  1-0

[Event "WYb18"]
[Site "Kemer TUR"]
[Date "2007.11.24"]
[Round "7"]
[White "Gundavaa,B"]
[Black "Shamsi,M"]
[Result "1/2-1/2"]
[WhiteElo "2274"]
[BlackElo "2120"]

1.d4 Nf6 2.c4 e6 3.g3 d5 4.Nf3 Be7 5.Bg2 O-O 6.O-O dxc4 7.Qc2 a6 8.Qxc4 b5
9.Qc2 Bb7 10.Bd2 Ra7 11.Rc1 Be4 12.Qb3 Nbd7 13.Ba5 Qb8 14.Nbd2 Bd5 15.Qc2 Qa8
16.b4 Ne4 17.Nb3 Nb6 18.Ne5 Nc4 19.f3 Ned6 20.e4 Bb7 21.Bf1 f5 22.Nxc4 bxc4
23.Nc5 fxe4 24.Nxb7 Qxb7 25.fxe4 Qxe4 26.Qxe4 Nxe4 27.Bxc4 Ng5 28.Kg2 Rf6
29.h4 Nf7 30.Re1 Nd8 31.d5 exd5 32.Bxd5+ Kf8 33.Rad1 Nc6 34.Bxc6 Rxc6 35.Rd7 Bf6
36.b5 Rc2+ 37.Kh3 Bc3 38.b6 Rb7 39.bxc7 Bxe1 40.Bxe1 Rbxc7 41.Rd8+ Ke7 42.Rh8 Rxa2
43.Rxh7 Kf7 44.Rh5 Rc1 45.Ba5 Rb2 46.Rf5+ Ke6 47.Rg5 Rb5 48.Rg6+ Kf5 49.Rg5+ Ke6
50.Rg6+ Kf5 51.Rg5+ Kf6 52.Bd8+ Kf7 53.Rg4 Ra1 54.Rf4+ Ke8 55.Bg5 a5 56.Re4+ Kf7
57.Re7+ Kg6 58.Kg4 Rb4+ 59.Bf4 a4 60.h5+ Kf6 61.Ra7 a3 62.Ra6+ Kf7 63.Ra7+ Ke6
64.Ra6+ Kf7 65.Ra7+ Kg8 66.Kf5 a2 67.Ra6 Kh7 68.Ra7 Rb5+ 69.Kg4 Rb4 70.Kf5 Rb5+
71.Kg4 Rb2 72.h6 Re1 73.Rxg7+ Kh8 74.Ra7 Rbe2 75.Bg5 Rf2 76.Ra8+ Kh7 77.Ra7+ Kg8
78.Ra8+ Kh7 79.Ra7+ Kg8  1/2-1/2

[Event "TCh-HUN 2007-8"]
[Site "Budapest HUN"]
[Date "2007.11.25"]
[Round "3"]
[White "Grunberg,M"]
[Black "Lenic,L"]
[Result "1/2-1/2"]
[WhiteElo "2427"]
[BlackElo "2531"]

1.Nf3 Nf6 2.c4 e6 3.g3 d5 4.Bg2 Be7 5.d4 O-O 6.O-O dxc4 7.Qc2 a6 8.a4 Bd7
9.Qxc4 Bc6 10.Bg5 a5 11.Nc3 Na6 12.Rfd1 Nb4 13.Bxf6 Bxf6 14.e4 Re8 15.Rac1 g6
16.h4 Bg7 17.b3 Bh6 18.Ng5 Rf8 19.d5 exd5 20.exd5 Bd7 21.Ne6 Bxe6 22.dxe6 Qe7
23.Rd7 Qxe6 24.Rcd1 Qxc4 25.bxc4 Bg7 26.Nd5 Nxd5 27.Bxd5 c6 28.Bf3 Rab8 29.Rb1 Rfc8
30.Rbxb7 Rxb7 31.Rxb7 Be5 32.Kf1 h5 33.Bg2  1/2-1/2

[Event "20th Belgrade Trophy"]
[Site "Belgrade SRB"]
[Date "2007.11.27"]
[Round "6"]
[White "Simic,R"]
[Black "Knezevic,Ml"]
[Result "1-0"]
[WhiteElo "2394"]
[BlackElo "2172"]

1.c4 Nf6 2.g3 e6 3.Bg2 d5 4.Nf3 Be7 5.d4 O-O 6.O-O b6 7.Ne5 Bb7 8.Nc3 Nbd7
9.Qa4 Nxe5 10.dxe5 Ne4 11.cxd5 Nxc3 12.bxc3 exd5 13.Rd1 c6 14.c4 Qc7 15.cxd5 cxd5
16.Bf4 Rfd8 17.e6 Qc6 18.Qxc6 Bxc6 19.Rac1 Bc5 20.exf7+ Kxf7 21.Be3 d4 22.Bxc6 dxe3
23.Bxa8 exf2+ 24.Kf1 Rxa8 25.Rc3 Ke6 26.e3 Rf8 27.Rd2 Rf7 28.Rxf2 Re7 29.Rd3 Rb7
30.Rc2 Ke5 31.Rc4 g5 32.Ke2 h5 33.Rd8 Be7 34.Re8 Kd5 35.Kd3 b5 36.Re4 Bf6
37.Rf8 Bg7 38.Rf5+ Kd6 39.Rxg5 a5 40.Rxh5 a4 41.Rg4 Rd7 42.Rxb5  1-0